Statistics for The Ultimate Bible Characters Quiz

Click here to take the quiz!

General Stats

  • This quiz has been taken 3,263 times
  • The average score is 45 of 72

Answer Stats

Hint Answer % Correct
The first man on earthAdam
100%
The first woman on earthEve
99%
The man who built the arkNoah
99%
The son of GodJesus
99%
Son of ^ who killed his brotherCain
97%
Was killed by his brotherAbel
96%
Saved Egypt from famine, father of Ephraim and ManassehJoseph
94%
Earthly father of JesusJoseph
94%
God promised him as many ancestors as there were stars in the skyAbraham
93%
First king of Judaea who later became king of Israel, ancestor of Joseph and MaryDavid
90%
Led the Israelites out of EgyptMoses
90%
Mother of JesusMary
89%
Son of ^, was later named IsraelJacob
87%
Wife of ^Sarah
87%
Author of a gospel and the book of revelationJohn
87%
The father of Er, Onan, Sela, Zerah and PerezJudah
86%
Writer of the epistles, formerly named SaulPaul
81%
Strong man who wasn't allowed to cut his hairSamson
80%
Was swallowed by a large fishJonah
80%
Second son of AbrahamIsaac
80%
Spent a night in the lions denDaniel
79%
Giant killed by ^Goliath
78%
"The rock" on which Jesus built his churchSimon Peter
78%
The successor of David, said to be the wisest and richest man everSolomon
78%
Sold his birthright to ^Esau
76%
Son of Adam, ancestor of Noah and later JesusSeth
76%
Betrayed JesusJudas Iscariot
76%
Apostle of Jesus, former tax collector, wrote a gospelMatthew
76%
First king of IsraelSaul
75%
The first high priest, brother of ^Aaron
74%
Baptised JesusJohn the Baptist
72%
Woman who moved to Judea with her mother-in-law and was married with BoazRuth
72%
^ fell in love with this womanDelilah
71%
Abrahams nephew whose wife turned into a pillar of saltLot
71%
The leader of the Israelites after Moses diedJoshua
70%
Youngest of Jacobs sonsBenjamin
68%
Sentenced Jesus to die on the crossPontius Pilate
66%
King of Judaea that reigned during the birth of JesusHerod
63%
The apostle who didn't believe in Jesus resurrectionThomas
63%
Friend of Jesus who was resurrectedLazarus
62%
Mother of Joseph and BenjaminRachel
62%
Oldest son of AbrahamIshmael
61%
Oldest son of NoahShem
60%
Son of ^Jesse
60%
Jewish woman who was married to the king of Persia, AhasuerosEsther
60%
Mother of ^, Sarahs slaveHagar
59%
Oldest man who ever lived, died at the age of 969Methusaleh
59%
Cousin of MaryElizabeth
58%
Mother of 6 of Jacobs sonsLeah
54%
joined ^ on one of his journeys, writer of the book of actsLuke
54%
Said to be the first woman to see Jesus after his resurrectionMary Magdalene
50%
Mother-in-law of ^Naomi
49%
The prophet whose book has 66 chaptersIsaiah
48%
The son of Jacob of which the descendants didn't get a piece of the promised landLevi
48%
Oldest son of JacobReuben
46%
One of the two men who scouted the promised land and was allowed to enter it again, son of JephunnehCaleb
44%
Second son of JacobSimeon
42%
King of Babylon who conquered IsraelNebucchadnezzar
37%
This man was a tax gatherer who climbed in a tree to see JesusZacchaeus
35%
Led the rebuilding of Jerusalem after the Israelites were freed from BabylonNehemiah
29%
Husband of ^Zechariah
26%
Man in the time of Ahasueros who wanted to kill all JewsHaman
26%
Was imprisoned together with Paul in PhilippiSilas
24%
Son of BoazObed
21%
Jesus was buried in his prepared tombJoseph of Arimathea
19%
The mother of Zerah and PerezTamar
17%
Man whose dying daughter was cured by JesusJairus
15%
Son of ^Enosh
13%
Blind man who is healed by JesusBartimaeus
10%
The second high priest, son of ^Eleazar
9%
Calebs nephew, who married Calebs daughter, first judge of IsraelOthniel
7%
The third high priest, son of ^Phinehas
7%

Score Distribution

Percentile by Number Answered

Percent of People with Each Score

Your Score History

You have not taken this quiz